000 00627nam a2200205 i 4500
001 bgj
100 1 _aTETERIS, Sylvia
245 1 0 _aSnow White and the Seven Dwarfs /
_cSylvia Teteris ; illustrated by Wanda Orlińska.
260 _aWarszawa :
_bWydawnictwa Szkolne i Pedagogiczne,
_c1995
_e(Poznań :
_fZakłady Graficzne).
300 _a1 audio cassette.
490 1 _aPlays for Children
650 9 _aPlays for children
830 _aPlays for Children
020 _a8302057894 (pbk)
040 _cBPK
041 0 _aeng
920 _a83-02-05789-4 (pbk)
942 _cKS
008 s uk f |000 0 eng
999 _c50906
_d50906
856 _uhttp://koha.tu.koszalin.pl/cgi-bin/koha/opac-detail.pl?biblionumber=50906
_yKatalog online BPK